000
00317nam a22001337a 4500
008
181217b xxu||||| |||| 00| 0 eng d
020
_a
0809314363
041
_a
eng
080
_a
101
100
_a
24
101
_a
FIL
245
_a
Essasy On Philosophy Education Orient 1921 1922
_c
John.D
942
_2
udc
_c
BK
999
_c
53157
_d
53157